[Event "GER-chT U10"]
[Site "Magdeburg"]
[Date "2014.12.28"]
[Round "4.3"]
[White "Rajchel, Arian"]
[Black "Mueller, Peter5555"]
[Result "1-0"]
[WhiteElo "1149"]
[BlackElo "861"]
[PlyCount "41"]
[EventDate "2014.12.27"]
[EventType "team-swiss"]
[EventRounds "7"]
[EventCountry "GER"]
[SourceTitle "EXT 2016"]
[Source "ChessBase"]
[SourceDate "2015.10.08"]
[SourceVersion "1"]
[SourceVersionDate "2015.10.08"]
[SourceQuality "1"]
[WhiteTeam "Erfurt Empor"]
[BlackTeam "Dresden Leuben"]
[WhiteTeamCountry "GER"]
[BlackTeamCountry "GER"]

1. e4 e5 2. Nf3 Nc6 3. d4 exd4 4. Nxd4 Bc5 5. Be3 Nf6 6. Nc3 d5 7. Nxc6 bxc6 8. Bxc5 Be6 9. exd5 cxd5 10. Bb5+ Bd7 11. Bxd7+ Qxd7 12. 0-0 c6 13. Re1+ Kd8 14. Be7+ Kc8 15. Bxf6 gxf6 16. Qe2 Rb8 17. Rab1 f5 18. Qa6+ Kd8 19. Na4 Rb5 20. c4 h5 21. cxb5 1-0